Spaceflight : (Record no. 8360)
[ view plain ]
| 000 -LEADER | |
|---|---|
| fixed length control field | 01285cam a2200349 a 4500 |
| 001 - CONTROL NUMBER | |
| JCCL Control Number | 8360 |
| 003 - CONTROL NUMBER IDENTIFIER | |
| JCCL marc code | BD-JhCC |
| 005 - DATE AND TIME OF LATEST TRANSACTION | |
| control field | 20180325193517.0 |
| 008 - FIXED-LENGTH DATA ELEMENTS--GENERAL INFORMATION | |
| fixed length control field | 940817s1995 nyua bf 001 0 eng |
| 020 ## - INTERNATIONAL STANDARD BOOK NUMBER | |
| International Standard Book Number | 9780756656416 |
| 035 ## - SYSTEM CONTROL NUMBER | |
| system control number | (BD-JhCC)8360 |
| 040 ## - CATALOGING SOURCE | |
| Original cataloging agency | DLC |
| Transcribing agency | DLC |
| Modifying agency | DLC |
| -- | BD-JhCC |
| 041 ## - LANGUAGE CODE | |
| Language code of Book | eng |
| 050 00 - LIBRARY OF CONGRESS CALL NUMBER | |
| Classification number | TL795 |
| Item number | .N43 1995 |
| 082 00 - DEWEY DECIMAL CLASSIFICATION NUMBER | |
| Classification number | 629.4/09 |
| DDC Edition number | 20 |
| Author mark and Year | NEA 1995 |
| 100 1# - MAIN ENTRY--PERSONAL NAME | |
| Personal name | Sparrow, Giles |
| 245 10 - TITLE STATEMENT | |
| Title | Spaceflight : |
| Remainder of title | the complete story from Sputnik to Apollo-and beyond / |
| Statement of responsibility, etc | Giles Sparrow |
| 260 ## - PUBLICATION, DISTRIBUTION, ETC. (IMPRINT) | |
| Place of publication, distribution, etc | New York : |
| Name of publisher, distributor, etc | Macmillan USA, |
| Date of publication, distribution, etc | c1995. |
| 300 ## - PHYSICAL DESCRIPTION | |
| Pagination | 256 p. : |
| Other physical details | ill. (some col.) ; |
| Dimensions | 23 cm. |
| 500 ## - GENERAL NOTE | |
| General note | "A Ligature book"--T.p. verso. |
| 504 ## - BIBLIOGRAPHY, ETC. NOTE | |
| Bibliography, etc | Includes bibliographical references (p. 256) and index. |
| 650 #0 - SUBJECT ADDED ENTRY--TOPICAL TERM | |
| Topical term or geographic name as entry element | Space vehicles |
| General subdivision | History. |
| 650 #0 - SUBJECT ADDED ENTRY--TOPICAL TERM | |
| Topical term or geographic name as entry element | Space flight |
| General subdivision | History. |
| 651 #0 - SUBJECT ADDED ENTRY--GEOGRAPHIC NAME | |
| Geographic name | Outer space |
| General subdivision | Exploration |
| -- | History. |
| 700 1# - ADDED ENTRY--PERSONAL NAME | |
| Personal name | Lewis, Cathleen S., |
| Dates associated with a name | 1958- |
| 700 1# - ADDED ENTRY--PERSONAL NAME | |
| Personal name | Winter, Frank H., |
| Dates associated with a name | 1942- |
| 856 41 - ELECTRONIC LOCATION AND ACCESS | |
| Materials specified | Table of contents |
| Uniform Resource Identifier | http://www.loc.gov/catdir/toc/wiley031/94023448.html |
| 856 42 - ELECTRONIC LOCATION AND ACCESS | |
| Materials specified | Contributor biographical information |
| Uniform Resource Identifier | http://www.loc.gov/catdir/enhancements/fy0706/94023448-b.html |
| 856 42 - ELECTRONIC LOCATION AND ACCESS | |
| Materials specified | Publisher description |
| Uniform Resource Identifier | http://www.loc.gov/catdir/enhancements/fy0706/94023448-d.html |
| 942 ## - ADDED ENTRY ELEMENTS (KOHA) | |
| Source of classification or shelving scheme | Dewey Decimal Classification |
| Koha item type | Reference |
| Source of classification or shelving scheme | Damaged status | Not for loan | Home library | Current library | Shelving location | Total Checkouts | Full call number | Barcode | Date last seen | Copy number | Koha item type |
|---|---|---|---|---|---|---|---|---|---|---|---|
| Dewey Decimal Classification | JCC Rouf Library | JCC Rouf Library | General Stacks | 629.4/09 NEA 1995 | 10802 | 02/22/2018 | C - 1 | Reference |